000 00226nam a22000857a 4500
008 161101b xxu||||| |||| 00| 0 eng d
100 _91002
_aWason.V.
245 _aDouble Entry Book
260 _aNew Delhi
_bS. Chand Publications
_c2011
999 _c3662
_d3662